Vrbov

Zobrazenie: Štyri čiastkové pohľady, každý v bielom orámovaní, všetky spolu na striebornom podklade. Uprostred dole je medzi pohľadmi čiernym písmom názov a podnázov. Pohľad na kúpalisko plné ľudí, v pozadí sú rady budov vľavo aj vpravo. Pohľad na veľký bazén v popredí, vpravo pred ním stojí skupink...

Full description

Bibliographic Details
Other Authors: Tomajková, Gizela (fotografka) (Photographer)
Format: Photo
Language:Slovak
PhysicalDescription:1 pohľadnica (4 čiastkové pohľady) farebná 11 x 15 cm
Published: Bratislava Pravda 1987
Subjects:

MARC

LEADER 00000ckm a2200000 a 4500
001 vtls001200082
003 SK-MaSNL
005 20260331202556.0
007 kf co
008 180703s1987 xo g 0kuslo
015 |a SNBG1987 
035 |a SNK000143151 
040 |a SNK  |b slo  |c SNK  |e AACR2 
041 0 |a slo 
043 |a e-xo--- 
044 |a xo  |c SK 
072 7 |a 913  |x Regionálna geografia  |2 konspekt 
080 |a 913(437.6)  |2 2011 
080 |a 904(084.121)  |2 2011 
080 |a 726.9  |2 2011 
080 |a 726:27-523.42  |2 2011 
080 |a 725.1:613.47-026.912  |2 2011 
080 |a 629.97  |2 2011 
080 |a 556.55  |2 2011 
080 |a 904:72  |2 2011 
100 1 |a Tomajková, Gizela  |c (fotografka)  |4 pht  |9 347914 
245 1 0 |a Vrbov  |h grafika  |c foto Gizela Tomajková 
246 1 |i Názov na obrazovej časti:  |a Vrbov  |b Hotel Flipper 
260 |a Bratislava  |b Pravda  |c 1987  |e [Bratislava]  |f TZP-B 
300 |a 1 pohľadnica (4 čiastkové pohľady)  |b farebná  |c 11 x 15 cm 
500 |a Na adresnej časti uvedené: "Vrbov - obec v údolí Vrbovského potoka. V historickom jadre obce sa nachádza renesančná zvonica so štítkovou atikou (3. záb.)" 
520 8 |a Zobrazenie: Štyri čiastkové pohľady, každý v bielom orámovaní, všetky spolu na striebornom podklade. Uprostred dole je medzi pohľadmi čiernym písmom názov a podnázov. Pohľad na kúpalisko plné ľudí, v pozadí sú rady budov vľavo aj vpravo. Pohľad na veľký bazén v popredí, vpravo pred ním stojí skupinka ľudí, v pozadí sú nízke domčeky a vľavo je trávnatý svah s nízkymi stromčekmi. Pohľad na kostol s renesančnou zvonicou vľavo. Pred ňou sú dva listnaté stromy, vpravo vidno korunu ďalšieho listnatého stromu. Pohľad na päť člnov kotviacich pri brehu, vľavo za nimi sú na jazere ešte dva člny a v nich dvaja ľudia 
610 2 7 |a Kostol sv. Serváca (Vrbov, Slovensko)  |2 SNKKA  |9 456608 
650 0 7 |a kúpaliská  |2 SNKPH  |9 4394 
650 0 7 |a bazény  |2 SNKPH  |9 30214 
650 0 7 |a kostoly  |2 SNKPH  |9 3023 
650 0 7 |a zvonice  |2 SNKPH  |9 37813 
650 0 7 |a lode  |2 SNKPH  |9 28713 
650 0 7 |a jazerá  |2 SNKPH  |9 19987 
650 0 7 |a národné kultúrne pamiatky  |2 SNKPH  |9 31192 
651 7 |a Vrbov (Slovensko)  |2 SNKPHgeo  |9 43872 
655 7 |a pohľadnice kultúrnych pamiatok  |2 SNKPH  |9 70523 
655 7 |a miestne pohľadnice  |2 SNKPH  |9 70510 
958 |a GBN 
958 |a GC 
958 |a OND 
999 |c 851739  |d 853669 
952 |a SNK  |b SNK  |y PREZ  |7 0  |p 17A1281180  |o snkSP 138663  |i snk313/88  |0 0  |1 0  |4 0  |d 2021-06-01  |f 1  |l 0  |r 2026-02-24 04:44:24  |w 2026-02-24 
952 |a SNK  |b SNK  |y PREZ  |7 0  |p 17A1281103  |o snkSP 138663 D1  |i snk314/88  |0 0  |1 0  |4 0  |d 2021-06-01  |l 0  |r 2026-02-24 04:44:24  |w 2026-02-24